Statistics for Biggest Cities in Poland Quiz

Click here to take the quiz!

General Stats

  • This quiz has been taken 14,468 times
    (14,466 since last reset)
  • The average score is 9 of 15

Answer Stats

Population City % Correct
1,706,624Warsaw
99%
756,583Kraków
93%
458,717Gdańsk
87%
753,192Łódź
69%
632,930Wrocław
68%
567,932Poznań
64%
317,220Katowice
62%
410,811Szczecin
55%
351,806Lublin
51%
250,242Gdynia
49%
294,143Białystok
44%
361,222Bydgoszcz
41%
242,300Częstochowa
28%
224,857Radom
27%
222,586Sosnowiec
21%

Score Distribution

Percentile by Number Answered

Percent of People with Each Score

Your Score History

You have not taken this quiz since the last reset